El capital corriente (Registro nro. 1839)

Detalles MARC
000 -LEADER
fixed length control field 01138 a2200205 4500
001 - CONTROL NUMBER
control field 29295
005 - DATE AND TIME OF LATEST TRANSACTION
control field 20260407155602.0
008 - FIXED-LENGTH DATA ELEMENTS--GENERAL INFORMATION
fixed length control field 260407a1976 arg spa d
003 - CONTROL NUMBER IDENTIFIER
control field AR-UNSa-BCEJYS
040 ## - CATALOGING SOURCE
Original cataloging agency AR-UNSa-BCEJYS
Language of cataloging spa
Transcribing agency AR-UNSa-BCEJYS
080 ## - UNIVERSAL DECIMAL CLASSIFICATION NUMBER
Universal Decimal Classification number 657.42
Common auxiliary subdivision Cuentas de capital circulante<br/>
100 1# - MAIN ENTRY--PERSONAL NAME
Personal name Arreghini, Hugo Ricardo
245 10 - TITLE STATEMENT
Title El capital corriente
250 ## - EDITION STATEMENT
Edition statement 2a. ed
264 #1 - PRODUCTION, PUBLICATION, DISTRIBUTION, MANUFACTURE, AND COPYRIGHT NOTICE
Place of production, publication, distribution, manufacture Buenos Aires :
Name of producer, publisher, distributor, manufacturer El Coloquio
Date of production, publication, distribution, manufacture, or copyright notice 1976
300 ## - PHYSICAL DESCRIPTION
Extent 128 p.
Dimensions 22 cm.
505 ## - FORMATTED CONTENTS NOTE
Formatted contents note 1. Carcacterísticas que definen al capital corriente - 2. El capital corriente.Factor dinámico en la vida del ente económico - 3. Edición externa de la capacidad financiera a corto plazo - 4. El capital y los estados de origen y aplicación de fondos - 5. Explicación de las causas de los cambios en el capital corriente - Anexo 1 Estados contables-Modelos para sociedades anónimas en Argentina - Anexo 2 Información sobre cambios en la posición financiera según opinión Nº 19 del Instituto americano de contadores públicos certificados de estados unidos de norteamérica.
590 ## - LOCAL NOTE (RLIN)
Local note niveau_biblio:m niveau_hierar:0
942 ## - ADDED ENTRY ELEMENTS (KOHA)
Koha item type
Existencias
Withdrawn status Lost status Damaged status Not for loan Home library Current library Shelving location Date acquired Total checkouts Full call number Barcode Date last seen Price effective from Koha item type
        Biblioteca Prof. Eusebio Cleto del Rey Biblioteca Prof. Eusebio Cleto del Rey   07/04/2026   657.42 A774 2ed. L28579 07/04/2026 07/04/2026 Libro
        Biblioteca Prof. Eusebio Cleto del Rey Biblioteca Prof. Eusebio Cleto del Rey   07/04/2026   657.42 A774 2ed. L28580 07/04/2026 07/04/2026 Libro
        Biblioteca Prof. Eusebio Cleto del Rey Biblioteca Prof. Eusebio Cleto del Rey   07/04/2026   657.42 A774 2ed. L28578 07/04/2026 07/04/2026 Libro